[Event "Jababeka (Women)"]
[Site "Jakarta"]
[Date "2005.10.26"]
[Round "9"]
[White "Vidawati, Sri"]
[Black "Lumongdong, Lisa Karlina"]
[Result "0-1"]
[WhiteElo "2122"]
[BlackElo "2163"]
[PlyCount "86"]
[EventDate "2005.10.21"]
[EventType "tourn"]
[EventRounds "11"]
[EventCountry "INA"]
[SourceTitle "EXT 2006"]
[Source "ChessBase"]
[SourceDate "2005.11.24"]
[SourceVersion "1"]
[SourceVersionDate "2005.11.24"]
[SourceQuality "1"]

1. Nf3 Nf6 2. g3 g6 3. Bg2 Bg7 4. c4 d5 5. Nc3 d4 6. Nb5 c5 7. 0-0 Nc6 8. d3 a6 9. Na3 0-0 10. Nc2 e5 11. a3 Qe7 12. Rb1 e4 13. Ng5 Bf5 14. dxe4 Nxe4 15. Nxe4 Bxe4 16. f3 Bf5 17. e4 Be6 18. b3 f5 19. f4 fxe4 20. Bxe4 Rae8 21. Re1 Qd7 22. Qd3 Bf5 23. Bd2 Bxe4 24. Rxe4 Rxe4 25. Qxe4 Re8 26. Qd3 Qg4 27. Re1 Rxe1+ 28. Bxe1 h5 29. b4 Kf7 30. bxc5 Bf8 31. Bf2 Bxc5 32. Ne1 Qf5 33. Qb3 Qd7 34. Nd3 Be7 35. a4 Kg7 36. Ne5 Nxe5 37. fxe5 d3 38. Qc3 Kf7 39. Bd4 Qf5 40. c5 Qe4 41. Kf2 Qe2+ 42. Kg1 d2 43. e6+ Ke8 0-1

[Event "Jababeka (Women)"]
[Site "Jakarta"]
[Date "2005.10.21"]
[Round "1"]
[White "Lumongdong, Lisa Karlina"]
[Black "Sukandar, Irine Kharisma"]
[Result "0-1"]
[WhiteElo "2163"]
[BlackElo "2092"]
[PlyCount "160"]
[EventDate "2005.10.21"]
[EventType "tourn"]
[EventRounds "11"]
[EventCountry "INA"]
[SourceTitle "EXT 2006"]
[Source "ChessBase"]
[SourceDate "2005.11.24"]
[SourceVersion "1"]
[SourceVersionDate "2005.11.24"]
[SourceQuality "1"]

1. e4 c5 2. Nf3 Nc6 3. d4 cxd4 4. Nxd4 g6 5. Nc3 Bg7 6. Nb3 Nf6 7. Be2 0-0 8. 0-0 d6 9. Bg5 Be6 10. Kh1 Rc8 11. f4 Na5 12. e5 Nxb3 13. axb3 dxe5 14. Qxd8 Rfxd8 15. fxe5 Nd5 16. Rxa7 Bxe5 17. Rxb7 Nxc3 18. bxc3 Bxc3 19. Rxe7 Bd2 20. Rxe6 Bxg5 21. Re5 f6 22. Re7 Rxc2 23. Bc4+ Kh8 24. Ra1 f5 25. Re2 Bc1 26. g3 Rd1+ 27. Kg2 Rxe2+ 28. Bxe2 Rd2 29. Rxc1 Rxe2+ 30. Kh3 Rb2 31. Rc3 Kg7 32. Rc7+ Kh6 33. Rc3 Kh5 34. Rf3 Kg5 35. b4 h5 36. b5 Kf6 37. Rc3 g5 38. Rc6+ Ke5 39. Rg6 g4+ 40. Kh4 Rxb5 41. Kxh5 Rb2 42. Kg5 Rxh2 43. Rg8 Ke4 44. Ra8 Rf2 45. Ra4+ Ke3 46. Ra3+ Ke2 47. Ra1 Rf3 48. Kh4 Kf2 49. Ra2+ Kg1 50. Ra1+ Kg2 51. Ra2+ Rf2 52. Ra3 Rf1 53. Ra2+ Kf3 54. Ra3+ Ke4 55. Ra4+ Kf3 56. Ra3+ Kg2 57. Ra2+ Rf2 58. Ra3 Rb2 59. Kg5 Rb5 60. Kf4 Kh3 61. Rc3 Rd5 62. Ra3 Rb5 63. Rc3 Rb2 64. Kxf5 Rf2+ 65. Ke4 Kg2 66. Ke5 Rf3 67. Rc4 Kxg3 68. Rc2 Kh3 69. Ke4 Rf7 70. Ke3 g3 71. Rc8 g2 72. Rh8+ Kg3 73. Rg8+ Kh2 74. Rh8+ Kg1 75. Ke2 Re7+ 76. Kd2 Re5 77. Kd3 Kf2 78. Rf8+ Kg3 79. Rg8+ Kf3 80. Rf8+ Kg4 0-1

[Event "SEA Games op (Women) 22nd"]
[Site "Ho Chi Minh City"]
[Date "2003.12.12"]
[Round "7"]
[White "Lumongdong, Lisa Karlina"]
[Black "Hoang, Thanh Trang"]
[Result "1/2-1/2"]
[WhiteElo "2150"]
[BlackElo "2463"]
[PlyCount "57"]
[EventDate "2003.12.08"]
[EventType "swiss"]
[EventRounds "9"]
[EventCountry "VIE"]
[SourceTitle "CBM 097 Extra"]
[Source "ChessBase"]
[SourceDate "2004.01.13"]
[SourceVersion "1"]
[SourceVersionDate "2004.01.13"]
[SourceQuality "1"]

1. e4 e6 2. d4 d5 3. Nd2 Nf6 4. e5 Nfd7 5. Bd3 c5 6. c3 Nc6 7. Ne2 cxd4 8. cxd4 f6 9. exf6 Nxf6 10. 0-0 Bd6 11. Nf3 0-0 12. Bf4 Bxf4 13. Nxf4 Ne4 14. g3 Qf6 15. h4 g5 16. hxg5 Nxg5 17. Nxg5 Qxg5 18. Nh3 Qg7 19. Qh5 Nxd4 20. Ng5 h6 21. Nh7 Rd8 22. f4 Bd7 23. Qh4 Bb5 24. Nf6+ Kf7 25. Nh5 Qh8 26. Bxb5 Nxb5 27. f5 Qd4+ 28. Qxd4 Nxd4 29. fxe6+ 1/2-1/2

[Event "SEA Games op (Women) 22nd"]
[Site "Ho Chi Minh City"]
[Date "2003.12.09"]
[Round "3"]
[White "Lumongdong, Lisa Karlina"]
[Black "Ibrahim, Eliza Hanum"]
[Result "1-0"]
[WhiteElo "2150"]
[BlackElo "2033"]
[PlyCount "63"]
[EventDate "2003.12.08"]
[EventType "swiss"]
[EventRounds "9"]
[EventCountry "VIE"]
[SourceTitle "CBM 097 Extra"]
[Source "ChessBase"]
[SourceDate "2004.01.13"]
[SourceVersion "1"]
[SourceVersionDate "2004.01.13"]
[SourceQuality "1"]

1. e4 g6 2. d4 Bg7 3. Nc3 c6 4. Nf3 d5 5. h3 dxe4 6. Nxe4 Bf5 7. Ng3 Nf6 8. Nxf5 Qa5+ 9. Bd2 Qxf5 10. Bd3 Qd5 11. 0-0 0-0 12. Re1 e6 13. c4 Qd8 14. Bg5 Nbd7 15. Qd2 c5 16. Rad1 cxd4 17. Nxd4 Nc5 18. Bb1 a6 19. Qf4 Qb8 20. Qh4 Nh5 21. Nf3 e5 22. Be7 Rc8 23. Bd6 Bf6 24. Ng5 Qa7 25. Bxe5 Bxe5 26. Rxe5 f6 27. Re7 fxg5 28. Qxg5 Rd8 29. Rxd8+ Rxd8 30. Qh6 Rd1+ 31. Kh2 Qb8+ 32. g3 1-0

[Event "SEA Games op (Women) 22nd"]
[Site "Ho Chi Minh City"]
[Date "2003.12.09"]
[Round "2"]
[White "Zainal Fahrah, Atiyah"]
[Black "Lumongdong, Lisa Karlina"]
[Result "1/2-1/2"]
[WhiteElo "2050"]
[BlackElo "2150"]
[PlyCount "42"]
[EventDate "2003.12.08"]
[EventType "swiss"]
[EventRounds "9"]
[EventCountry "VIE"]
[SourceTitle "CBM 097 Extra"]
[Source "ChessBase"]
[SourceDate "2004.01.13"]
[SourceVersion "1"]
[SourceVersionDate "2004.01.13"]
[SourceQuality "1"]

1. d4 Nf6 2. c4 g6 3. Nc3 Bg7 4. e4 d6 5. Nf3 0-0 6. Be2 e5 7. dxe5 dxe5 8. Qxd8 Rxd8 9. Bg5 Re8 10. Bxf6 Bxf6 11. Nd5 Bd8 12. 0-0 c6 13. Nc3 Na6 14. Rfd1 f6 15. a3 Be7 16. Rd2 Bg4 17. h3 Bxf3 18. Bxf3 Rad8 19. Rad1 Rxd2 20. Rxd2 Rd8 21. Rxd8+ Bxd8 1/2-1/2

[Event "Olympiad Women-32"]
[Site "Yerevan"]
[Date "1996.??.??"]
[Round "2"]
[White "Klink, Tamara"]
[Black "Lumongdong, Lisa Karlina"]
[Result "1-0"]
[WhiteElo "2050"]
[BlackElo "2125"]
[PlyCount "61"]
[EventDate "1996.09.15"]
[EventType "team-swiss"]
[EventRounds "14"]
[EventCountry "ARM"]
[SourceTitle "EXT 1997"]
[Source "ChessBase"]
[SourceDate "1996.11.15"]
[SourceVersion "1"]
[SourceVersionDate "1996.11.15"]
[SourceQuality "1"]

1. e4 c5 2. Nf3 Nc6 3. d4 cxd4 4. Nxd4 Nf6 5. Nc3 d6 6. Bc4 Qb6 7. Nb3 e6 8. Bf4 Ne5 9. Be2 a6 10. Be3 Qc7 11. f4 Nc4 12. Bxc4 Qxc4 13. Qf3 Rb8 14. 0-0-0 b5 15. Bc5 e5 16. Rxd6 Nd7 17. Rhd1 Nxc5 18. Na5 Bxd6 19. Nxc4 bxc4 20. Rxd6 exf4 21. Qxf4 0-0 22. Rc6 Nd7 23. Nd5 Re8 24. Ne7+ Kf8 25. Nxc8 Rexc8 26. Qd6+ Ke8 27. Rxc8+ Rxc8 28. Qxa6 Kd8 29. b4 g6 30. Kb2 h5 31. a4 1-0

[Event "Jakarta m6"]
[Site "Jakarta"]
[Date "1996.??.??"]
[Round "1"]
[White "Polgar, Sofia"]
[Black "Lumongdong, Lisa Karlina"]
[Result "0-1"]
[WhiteElo "2480"]
[BlackElo "2125"]
[PlyCount "64"]
[EventDate "1996.??.??"]
[EventType "match"]
[EventRounds "2"]
[EventCountry "INA"]
[SourceTitle "EXT 1998"]
[Source "ChessBase"]
[SourceDate "1997.11.17"]
[SourceVersion "1"]
[SourceVersionDate "1997.11.17"]
[SourceQuality "1"]

1. e4 c5 2. Nf3 Nc6 3. d4 cxd4 4. Nxd4 Nf6 5. Nc3 d6 6. Bc4 Qb6 7. Nb3 e6 8. Bf4 Ne5 9. Be2 a6 10. Be3 Qc7 11. f4 Nc4 12. Bxc4 Qxc4 13. Qf3 Qc7 14. f5 b5 15. fxe6 fxe6 16. 0-0-0 b4 17. Na4 Rb8 18. Qg3 Nxe4 19. Qh4 Nf6 20. Qg3 e5 21. Rhe1 Be7 22. Qxg7 Rg8 23. Qh6 Rxg2 24. Rd2 Rg6 25. Qh4 Bd7 26. Nb6 Rxb6 27. Bxb6 Qxb6 28. Rdd1 Kf7 29. Nd2 Bg4 30. Nc4 Qc5 31. b3 Bxd1 32. Rxd1 Rg1 0-1

[Event "Asia-chT fin 01st (Women)"]
[Site "Singapore"]
[Date "1995.12.18"]
[Round "5"]
[White "Xu, Yuhua"]
[Black "Lumongdong, Lisa Karlina"]
[Result "1-0"]
[WhiteElo "2489"]
[BlackElo "2105"]
[PlyCount "61"]
[EventDate "1995.12.14"]
[EventType "team"]
[EventRounds "9"]
[EventCountry "SIN"]
[SourceTitle "EXT 1998"]
[Source "ChessBase"]
[SourceDate "1997.11.17"]
[SourceVersion "1"]
[SourceVersionDate "1997.11.17"]
[SourceQuality "1"]
[WhiteTeam "China (W)"]
[BlackTeam "Indonesia (W)"]
[WhiteTeamCountry "CHN"]
[BlackTeamCountry "INA"]

1. e4 c5 2. f4 d5 3. exd5 Qxd5 4. Nc3 Qd8 5. Nf3 Nc6 6. Bc4 e6 7. d3 Nf6 8. 0-0 Be7 9. Kh1 0-0 10. a4 b6 11. Qe1 Nd5 12. Ne4 Na5 13. Bd2 Nxc4 14. dxc4 Nb4 15. Rc1 Bb7 16. Bc3 Qc7 17. Ng3 Qc6 18. f5 Na2 19. Bxg7 Kxg7 20. f6+ Bxf6 21. Nh5+ Kh8 22. Nxf6 Rg8 23. Nxg8 Rxg8 24. Qe5+ Rg7 25. Rcd1 h6 26. c3 Kh7 27. Qd6 Qxa4 28. Qd3+ Kh8 29. Ra1 Ba6 30. Ne5 f5 31. Qd1 1-0

[Event "Olympiad Women-31"]
[Site "Moscow"]
[Date "1994.12.13"]
[Round "12"]
[White "Kachiani Gersinska, Ketino"]
[Black "Lumongdong, Lisa Karlina"]
[Result "1-0"]
[WhiteElo "2410"]
[BlackElo "2090"]
[PlyCount "75"]
[EventDate "1994.12.01"]
[EventType "team-swiss"]
[EventRounds "14"]
[EventCountry "RUS"]
[SourceTitle "EXT 2019"]
[Source "ChessBase"]
[SourceDate "2018.10.10"]
[SourceVersion "1"]
[SourceVersionDate "2018.10.10"]
[SourceQuality "1"]
[WhiteTeam "Germany (W)"]
[BlackTeam "Indonesia (W)"]
[WhiteTeamCountry "GER"]
[BlackTeamCountry "INA"]

1. d4 Nf6 2. c4 g6 3. Nc3 Bg7 4. Bf4 0-0 5. e3 d6 6. Nf3 Nbd7 7. h3 c6 8. Be2 Qe8 9. 0-0 e5 10. Bh2 Qe7 11. b4 a5 12. a3 Ne8 13. b5 Kh8 14. bxc6 bxc6 15. Rc1 f5 16. c5 d5 17. Bxe5 Bxe5 18. dxe5 Nxc5 19. Na4 Nxa4 20. Qxa4 Bd7 21. Nd4 Qxe5 22. Nxc6 Bxc6 23. Qxc6 Nf6 24. Bf3 Rfc8 25. Qxc8+ Rxc8 26. Rxc8+ Kg7 27. Rc5 a4 28. Ra5 f4 29. exf4 Qxf4 30. Bxd5 Qc7 31. Rb5 Nxd5 32. Rxd5 Qc3 33. Rd7+ Kh6 34. Rfd1 Qxa3 35. Ra7 Qa2 36. Rdd7 a3 37. Rxh7+ Kg5 38. Raf7 1-0

[Event "Olympiad Women-31"]
[Site "Moscow"]
[Date "1994.12.12"]
[Round "11"]
[White "Lumongdong, Lisa Karlina"]
[Black "Battsetseg, Tsagaan"]
[Result "1/2-1/2"]
[WhiteElo "2090"]
[BlackElo "2205"]
[PlyCount "39"]
[EventDate "1994.12.01"]
[EventType "team-swiss"]
[EventRounds "14"]
[EventCountry "RUS"]
[SourceTitle "EXT 2019"]
[Source "ChessBase"]
[SourceDate "2018.10.10"]
[SourceVersion "1"]
[SourceVersionDate "2018.10.10"]
[SourceQuality "1"]
[WhiteTeam "Indonesia (W)"]
[BlackTeam "Mongolia (W)"]
[WhiteTeamCountry "INA"]
[BlackTeamCountry "MGL"]

1. e4 c5 2. Nf3 Nc6 3. d4 cxd4 4. Nxd4 g6 5. Nc3 Bg7 6. Nb3 Nf6 7. Be2 0-0 8. 0-0 d6 9. Bg5 Be6 10. Kh1 Na5 11. f4 Rc8 12. f5 Bc4 13. e5 Bxe2 14. Qxe2 Nxb3 15. axb3 dxe5 16. fxg6 hxg6 17. Rxa7 Qc7 18. Qf3 e4 19. Qe2 Qc5 20. Be3 1/2-1/2

[Event "Olympiad Women-31"]
[Site "Moscow"]
[Date "1994.12.03"]
[Round "3"]
[White "Voiska, Margarita"]
[Black "Lumongdong, Lisa Karlina"]
[Result "1-0"]
[WhiteElo "2350"]
[BlackElo "2090"]
[PlyCount "89"]
[EventDate "1994.12.01"]
[EventType "team-swiss"]
[EventRounds "14"]
[EventCountry "RUS"]
[SourceTitle "EXT 2019"]
[Source "ChessBase"]
[SourceDate "2018.10.10"]
[SourceVersion "1"]
[SourceVersionDate "2018.10.10"]
[SourceQuality "1"]
[WhiteTeam "Bulgaria (W)"]
[BlackTeam "Indonesia (W)"]
[WhiteTeamCountry "BUL"]
[BlackTeamCountry "INA"]

1. d4 Nf6 2. c4 g6 3. Nf3 Bg7 4. g3 0-0 5. Bg2 d6 6. 0-0 Nbd7 7. Qc2 e5 8. Rd1 Qe7 9. Nc3 c6 10. b3 exd4 11. Nxd4 Re8 12. e4 Nc5 13. f3 a5 14. Be3 d5 15. cxd5 cxd5 16. Bg5 Qd6 17. Bf4 Qb6 18. e5 Nfd7 19. Nxd5 Qd8 20. Nb5 Bxe5 21. Bxe5 Rxe5 22. Ndc7 Rb8 23. f4 Re8 24. Nxe8 Qxe8 25. Nd6 Qe3+ 26. Qf2 Qxf2+ 27. Kxf2 Nf6 28. h3 b6 29. g4 Ba6 30. Bf1 Nfe4+ 31. Nxe4 Nxe4+ 32. Ke3 Bb7 33. Rd4 Nc3 34. Kf2 Ne4+ 35. Kg1 Nc5 36. Rad1 Ne6 37. Rd6 Bf3 38. R1d2 Kg7 39. Kf2 Be4 40. Ke3 Nc5 41. Bb5 Rb7 42. Rd8 Bb1 43. Re8 Ne6 44. Rxe6 fxe6 45. Rb2 1-0

[Event "Jakarta zt (Women)"]
[Site "Jakarta"]
[Date "1993.??.??"]
[Round "7"]
[White "Dekic, Biljana N"]
[Black "Lumongdong, Lisa Karlina"]
[Result "1-0"]
[WhiteElo "2155"]
[BlackElo "2085"]
[PlyCount "63"]
[EventDate "1993.??.??"]
[EventType "tourn"]
[EventRounds "12"]
[EventCountry "INA"]
[SourceTitle "EXT 2003"]
[Source "ChessBase"]
[SourceDate "2002.11.25"]
[SourceVersion "1"]
[SourceVersionDate "2002.11.25"]
[SourceQuality "1"]

1. d4 Nf6 2. c4 g6 3. Nc3 Bg7 4. e4 d6 5. Nge2 0-0 6. Ng3 e5 7. d5 c6 8. Be2 cxd5 9. cxd5 Bd7 10. 0-0 Na6 11. Be3 Qe7 12. Qd2 Rfc8 13. Rfc1 h5 14. f3 Qe8 15. Bxa6 bxa6 16. Qe2 Rcb8 17. Qxa6 Rxb2 18. Rab1 Qb8 19. Nge2 Ne8 20. Rxb2 Qxb2 21. Rb1 Qc2 22. Qb7 Rd8 23. Qxa7 Nf6 24. Bg5 Be8 25. Rb8 Rxb8 26. Qxb8 Kh7 27. Bxf6 Qd2 28. Bh4 Ba4 29. Qb1 Bc2 30. Qc1 Qd3 31. Bg5 f6 32. Be3 1-0

[Event "Jakarta Interzonal (Women)"]
[Site "Jakarta"]
[Date "1993.??.??"]
[Round "?"]
[White "Korenova, Martina"]
[Black "Lumongdong, Lisa Karlina"]
[Result "0-1"]
[WhiteElo "2235"]
[BlackElo "2080"]
[PlyCount "104"]
[EventDate "1993.07.??"]
[EventType "swiss"]
[EventRounds "13"]
[EventCountry "INA"]
[SourceTitle "EXT 1997"]
[Source "ChessBase"]
[SourceDate "1996.11.15"]
[SourceVersion "1"]
[SourceVersionDate "1996.11.15"]
[SourceQuality "1"]

1. e4 c5 2. c3 e6 3. d4 d5 4. Nd2 Nc6 5. exd5 exd5 6. dxc5 Bxc5 7. Nb3 Bb6 8. Nf3 Nge7 9. Bd3 0-0 10. 0-0 h6 11. Bf4 Bg4 12. h3 Bh5 13. Be2 Re8 14. Nbd4 a6 15. Qd2 Bg6 16. Rfe1 Be4 17. Rad1 Ng6 18. Bg3 Qf6 19. Bf1 Rad8 20. Re3 Nge5 21. Nxe5 Nxe5 22. b3 Nc6 23. f3 Nxd4 24. cxd4 Bg6 25. Kh1 Rxe3 26. Qxe3 Rc8 27. a3 Qc6 28. Be1 Re8 29. Qf2 Qc2 30. Rd2 Qc1 31. Re2 Rxe2 32. Bxe2 Qxa3 33. f4 Qa1 34. Kh2 Qxd4 35. Qxd4 Bxd4 36. g4 Be4 37. Kg3 f5 38. Ba5 Kf7 39. Kh4 Bf2+ 40. Kh5 fxg4 41. Kxg4 g6 42. Bd2 Kf6 43. h4 h5+ 44. Kh3 Bf5+ 45. Kg2 Bxh4 46. Bc3+ Ke6 47. Bd4 Bf6 48. Bc5 Be4+ 49. Kf1 h4 50. Bg4+ Bf5 51. Bf3 g5 52. fxg5 Bxg5 0-1

[Event "Jakarta zt (Women)"]
[Site "Jakarta"]
[Date "1993.??.??"]
[Round "1"]
[White "Lumongdong, Lisa Karlina"]
[Black "Mariano, Christine Rose"]
[Result "1-0"]
[WhiteElo "2085"]
[BlackElo "2005"]
[PlyCount "113"]
[EventDate "1993.??.??"]
[EventType "tourn"]
[EventRounds "12"]
[EventCountry "INA"]
[SourceTitle "EXT 2003"]
[Source "ChessBase"]
[SourceDate "2002.11.25"]
[SourceVersion "1"]
[SourceVersionDate "2002.11.25"]
[SourceQuality "1"]

1. e4 e6 2. d4 b6 3. Nf3 Bb7 4. Bd3 c5 5. Qe2 Nf6 6. d5 Qc7 7. c4 e5 8. Nc3 a6 9. Nh4 d6 10. f4 Nbd7 11. 0-0 Qd8 12. Nf3 g6 13. fxe5 dxe5 14. Bc2 Bg7 15. Ba4 0-0 16. Bg5 Qe8 17. Nh4 Nh5 18. Qg4 Bc8 19. Nf5 gxf5 20. Qxh5 f6 21. Qxe8 Rxe8 22. Bh4 f4 23. a3 Rd8 24. Rab1 a5 25. Bc6 Rb8 26. Nb5 Nf8 27. b4 Ng6 28. Bf2 Bf8 29. bxa5 bxa5 30. Nc3 Ba6 31. Bb5 Bc8 32. Rfe1 f5 33. Rbd1 Bd6 34. exf5 Bxf5 35. Ne4 Bxe4 36. Rxe4 Kf7 37. Be1 Rg8 38. a4 Ra8 39. Kf1 Kf6 40. Bc3 Kf5 41. Rde1 Rg7 42. Bc6 Raa7 43. g3 Rge7 44. Kf2 h5 45. Kf3 fxg3 46. hxg3 Nf8 47. Rh4 e4+ 48. Kg2 e3 49. Rf1+ Kg5 50. Rxf8 e2 51. Be1 Rg7 52. Rh8 Rh7 53. Rxh7 Rxh7 54. Re4 Kf5 55. Rxe2 Rg7 56. Kf3 Rg4 57. Bd7+ 1-0

[Event "Jakarta zt (Women)"]
[Site "Jakarta"]
[Date "1993.??.??"]
[Round "4"]
[White "Lumongdong, Lisa Karlina"]
[Black "Takemoto, Naoko"]
[Result "1/2-1/2"]
[WhiteElo "2085"]
[BlackElo "2030"]
[PlyCount "56"]
[EventDate "1993.??.??"]
[EventType "tourn"]
[EventRounds "12"]
[EventCountry "INA"]
[SourceTitle "EXT 2003"]
[Source "ChessBase"]
[SourceDate "2002.11.25"]
[SourceVersion "1"]
[SourceVersionDate "2002.11.25"]
[SourceQuality "1"]

1. e4 e6 2. d4 d5 3. Nd2 Nf6 4. e5 Nfd7 5. Bd3 c5 6. c3 Nc6 7. Ne2 cxd4 8. cxd4 f6 9. exf6 Nxf6 10. 0-0 Bd6 11. Nf3 0-0 12. Bg5 Qc7 13. Nc3 a6 14. Bh4 g6 15. Bg3 Nh5 16. Bxd6 Qxd6 17. g3 Bd7 18. Re1 Rxf3 19. Qxf3 Nxd4 20. Qe3 e5 21. f4 Bg4 22. fxe5 Qb6 23. Nxd5 Nf3+ 24. Kh1 Qxb2 25. Qe2 Qd4 26. Qe4 Qb2 27. Qe2 Qd4 28. Qe4 Qb2 1/2-1/2

[Event "Jakarta zt (Women)"]
[Site "Jakarta"]
[Date "1993.??.??"]
[Round "13"]
[White "Pham, Ngoc Thanh"]
[Black "Lumongdong, Lisa Karlina"]
[Result "1/2-1/2"]
[WhiteElo "2200"]
[BlackElo "2085"]
[PlyCount "21"]
[EventDate "1993.??.??"]
[EventType "tourn"]
[EventRounds "12"]
[EventCountry "INA"]
[SourceTitle "EXT 2003"]
[Source "ChessBase"]
[SourceDate "2002.11.25"]
[SourceVersion "1"]
[SourceVersionDate "2002.11.25"]
[SourceQuality "1"]

1. d4 Nf6 2. c4 g6 3. Nc3 Bg7 4. e4 d6 5. Nf3 0-0 6. Be2 e5 7. dxe5 dxe5 8. Qxd8 Rxd8 9. Bg5 c6 10. Nxe5 Re8 11. f4 1/2-1/2

[Event "Olympiad Women-30"]
[Site "Manila"]
[Date "1992.06.20"]
[Round "11"]
[White "Voiska, Margarita"]
[Black "Lumongdong, Lisa Karlina"]
[Result "1-0"]
[WhiteElo "2345"]
[BlackElo "2055"]
[PlyCount "67"]
[EventDate "1992.06.07"]
[EventType "team-swiss"]
[EventRounds "14"]
[EventCountry "PHI"]
[SourceTitle "EXT 2019"]
[Source "ChessBase"]
[SourceDate "2018.10.10"]
[SourceVersion "1"]
[SourceVersionDate "2018.10.10"]
[SourceQuality "1"]
[WhiteTeam "Bulgaria (W)"]
[BlackTeam "Indonesia (W)"]
[WhiteTeamCountry "BUL"]
[BlackTeamCountry "INA"]

1. d4 Nf6 2. Nf3 g6 3. c4 Bg7 4. g3 0-0 5. Bg2 d6 6. 0-0 Nc6 7. d5 Na5 8. Nfd2 c5 9. Nc3 a6 10. Qc2 Bd7 11. b3 e5 12. Bb2 b5 13. Rae1 Rb8 14. Ncb1 Ng4 15. h3 Nh6 16. Kh2 bxc4 17. bxc4 f5 18. Bc3 Qc7 19. f4 Nf7 20. e4 Rbe8 21. Qc1 Bh6 22. Qa3 Nb7 23. Bb2 Qa5 24. Qb3 Qb4 25. Qc2 Ba4 26. Qc1 exf4 27. gxf4 fxe4 28. Bc3 Qb6 29. Nxe4 Rxe4 30. Rxe4 Ne5 31. Bd2 Nd3 32. Qc3 Nb4 33. Re7 Nc2 34. f5 1-0